SIGPLAN Notices

Gespeichert in:
Bibliographische Detailangaben
Format: Schriftenreihe
Veröffentlicht: 1999
Tags: Tag hinzufügen
Keine Tags, Fügen Sie das erste Tag hinzu!

MARC

LEADER 00000nas a22000003a 4500
001 stu70056
005 20141121234004.1
008 011106s1999----------------------------d
040 |a STU  |b slo 
041 0
245 |a SIGPLAN Notices 
260 |c 1999 
500 |a 1999 
500 |a 12 
500 |a 1-7,11,12 /CH: 8-10 
773 0 |t SIGPLAN Notices :  |w stu_us_cat*stu60260  |x 0362-1340  |7 nnas 
996 |d Vol. 34, 1999  |v Vol. 34  |y 1999  |l EE0103  |s A  |a 24  |w stu70056_0001